[Event "Vallfogona rapid op 21st"]
[Site "Vallfogona de Balaguer"]
[Date "2013.09.22"]
[Round "7"]
[White "Sanchez Ibern, Marc"]
[Black "Serrano Aspa, Pedro"]
[Result "1-0"]
[WhiteElo "2398"]
[BlackElo "2047"]
[PlyCount "74"]
[EventDate "2013.09.21"]
[EventType "swiss (rapid)"]
[EventRounds "11"]
[EventCountry "ESP"]
[SourceTitle "CBM 156 Extra"]
[Source "ChessBase"]
[SourceDate "2013.10.22"]
[SourceVersion "1"]
[SourceVersionDate "2013.10.22"]
[SourceQuality "1"]

1. Nf3 d5 2. c4 e6 3. b3 Nf6 4. g3 c6 5. Bg2 Bd6 6. 0-0 0-0 7. Bb2 Nbd7 8. d4 Ne4 9. Nfd2 Nxd2 10. Nxd2 f5 11. e3 Nf6 12. f3 Bd7 13. e4 dxe4 14. fxe4 Ng4 15. Qe2 Qg5 16. e5 Bb4 17. Nf3 Qe3+ 18. Qxe3 Nxe3 19. Rf2 Nxg2 20. Kxg2 h6 21. a3 Ba5 22. Rd1 Rad8 23. Re2 Rfe8 24. b4 Bb6 25. Ne1 Bc8 26. Bc3 g6 27. a4 Kf7 28. a5 Bc7 29. h3 Kg8 30. g4 Kh7 31. gxf5 gxf5 32. Nd3 Rg8+ 33. Kf3 Rd7 34. Nf4 Rf7 35. d5 cxd5 36. cxd5 exd5 37. e6 Re7 1-0

[Event "Hospitalet op 4th"]
[Site "Hospitalet"]
[Date "2013.05.18"]
[Round "7"]
[White "Beaskoa Estany, Gabriel"]
[Black "Serrano Aspa, Pedro"]
[Result "0-1"]
[WhiteElo "1923"]
[BlackElo "2034"]
[PlyCount "106"]
[EventDate "2013.04.06"]
[EventType "swiss"]
[EventRounds "8"]
[EventCountry "ESP"]
[SourceTitle "EXT 2014"]
[Source "ChessBase"]
[SourceDate "2013.11.20"]
[SourceVersion "1"]
[SourceVersionDate "2013.11.20"]
[SourceQuality "1"]

1. e4 d5 2. exd5 Qxd5 3. Nc3 Qa5 4. d4 Nf6 5. Nf3 Bf5 6. Bc4 e6 7. Bd2 Bb4 8. 0-0 0-0 9. a3 Bxc3 10. Bxc3 Qb6 11. Qe2 Nbd7 12. b3 c6 13. Rad1 Bg4 14. h3 Bh5 15. g4 Bg6 16. Bd3 Nd5 17. Bd2 Qc7 18. Bxg6 hxg6 19. Ne5 Rac8 20. Nxd7 Qxd7 21. c4 Nf6 22. Rfe1 Rfe8 23. Bc3 Rcd8 24. Rd2 Qd6 25. Bb4 Qd7 26. Qe3 b6 27. Red1 Qb7 28. Bc3 Qe7 29. Bb2 Qb7 30. Qf3 Rd6 31. a4 Red8 32. Bc3 a5 33. h4 Qd7 34. g5 Nh5 35. c5 Rd5 36. cxb6 Qb7 37. Rd3 Rf5 38. Qh1 Qxb6 39. Bb2 Nf4 40. Rf3 Ne2+ 41. Kg2 Rxf3 42. Kxf3 Qxb3+ 43. Kxe2 Qxb2+ 44. Rd2 Qc3 45. Qd1 Qc4+ 46. Ke3 Rd5 47. Qc2 Qa6 48. Rd3 Qb6 49. f4 Qb4 50. Qxc6 Qe1+ 51. Kf3 Qh1+ 52. Kg4 Rxg5+ 53. hxg5 Qxc6 0-1

[Event "Hostafrancs op 5th"]
[Site "Barcelona"]
[Date "2003.08.31"]
[Round "2"]
[White "Peek, Marcel"]
[Black "Serrano Aspa, Pedro"]
[Result "1/2-1/2"]
[WhiteElo "2405"]
[BlackElo "2036"]
[PlyCount "93"]
[EventDate "2003.08.30"]
[EventType "swiss"]
[EventRounds "9"]
[EventCountry "ESP"]
[SourceTitle "EXT 2004"]
[Source "ChessBase"]
[SourceDate "2003.11.25"]
[SourceVersion "1"]
[SourceVersionDate "2003.11.25"]
[SourceQuality "1"]

1. d4 d5 2. c4 e6 3. Nf3 Nf6 4. Nc3 Be7 5. Bg5 Nbd7 6. e3 0-0 7. Rc1 c6 8. Bd3 dxc4 9. Bxc4 Nd5 10. Bxe7 Qxe7 11. Ne4 N5f6 12. Ng3 e5 13. 0-0 e4 14. Nd2 Nb6 15. Bb3 Be6 16. Bxe6 Qxe6 17. Qb3 Rfe8 18. Qxe6 Rxe6 19. Nb3 g6 20. Rc2 Nfd7 21. Na5 Rb8 22. a3 f5 23. h4 Kf7 24. Ne2 Nd5 25. g3 N7b6 26. Kg2 Kf6 27. Rh1 Re7 28. b4 a6 29. Nc1 Rc7 30. Ncb3 Na4 31. Rhc1 Ne7 32. Nc4 b6 33. Nb2 Nxb2 34. Rxb2 Nd5 35. Nd2 Rbc8 36. Rbc2 Ke6 37. Kf1 Kd6 38. Nb3 h6 39. Ke2 Re8 40. Nd2 b5 41. Nb3 Nb6 42. Na5 Rec8 43. Nb3 Nc4 44. Ra2 Nb6 45. Rc5 Nd7 46. Rcc2 Nb6 47. Rc5 1/2-1/2

[Event "Barcelona op"]
[Site "Barcelona"]
[Date "2001.??.??"]
[Round "7"]
[White "Serrano Aspa, Xavier"]
[Black "Serrano Aspa, Pedro"]
[Result "1-0"]
[WhiteElo "2133"]
[BlackElo "2049"]
[PlyCount "81"]
[EventDate "2001.??.??"]
[EventType "swiss"]
[EventRounds "7"]
[EventCountry "ESP"]
[SourceTitle "EXT 2002"]
[Source "ChessBase"]
[SourceDate "2001.11.25"]
[SourceVersion "1"]
[SourceVersionDate "2001.11.25"]
[SourceQuality "1"]

1. c4 e6 2. Nf3 d5 3. b3 Nf6 4. Bb2 Be7 5. e3 0-0 6. Be2 c6 7. 0-0 Nbd7 8. d3 Re8 9. Nbd2 Qc7 10. Rc1 e5 11. cxd5 Nxd5 12. d4 exd4 13. Nxd4 Bf6 14. Bf3 N7b6 15. Ne4 Be5 16. h3 Qd8 17. Nc5 Qe7 18. Qd2 Bd6 19. Nd3 Qh4 20. Rfe1 Qg5 21. Kf1 Bd7 22. b4 Rad8 23. Nc5 Bc8 24. Ne4 Rxe4 25. Bxe4 Bxb4 26. Qc2 Bxe1 27. Rxe1 Nf6 28. Nf3 Qb5+ 29. Re2 Nxe4 30. Qxe4 Bf5 31. Qe7 Rb8 32. Nd4 Qa5 33. Qg5 Qxa2 34. Qxf5 Nc4 35. Bc3 Qa3 36. Be1 Qa1 37. Qc5 Nb6 38. Nf5 Nd5 39. g4 Qe5 40. f3 a6 41. Bg3 1-0

[Event "ESP Ronda op"]
[Site "Spain"]
[Date "1998.??.??"]
[Round "?"]
[White "Pinazo Donoso, Jorge"]
[Black "Serrano Aspa, Pedro"]
[Result "1-0"]
[WhiteElo "2260"]
[BlackElo "1990"]
[PlyCount "105"]
[EventDate "1998.??.??"]
[EventType "swiss"]
[EventRounds "9"]
[EventCountry "ESP"]
[SourceTitle "EXT 2003"]
[Source "ChessBase"]
[SourceDate "2002.11.25"]
[SourceVersion "1"]
[SourceVersionDate "2002.11.25"]
[SourceQuality "1"]

1. d4 d5 2. c4 dxc4 3. Nf3 Nf6 4. e3 e6 5. Bxc4 c5 6. 0-0 a6 7. dxc5 Qxd1 8. Rxd1 Bxc5 9. a3 b5 10. Be2 Nbd7 11. b4 Be7 12. Nbd2 Bb7 13. Bb2 0-0 14. h3 Rac8 15. Rac1 Rxc1 16. Rxc1 Rc8 17. Rxc8+ Bxc8 18. Nb3 Kf8 19. Na5 Bd6 20. Nd4 Nb8 21. Bf3 Nfd7 22. Ndb3 g6 23. Kf1 Ne5 24. Bxe5 Bxe5 25. Nd4 Ke8 26. Ke2 Kd7 27. Kd3 Kc7 28. Ba8 Bg7 29. g4 h6 30. f3 Bf6 31. e4 Be5 32. Ne2 g5 33. Nd4 Kd6 34. Nab3 Bxd4 35. Nxd4 e5 36. Ne2 f6 37. Nc3 Ke6 38. a4 bxa4 39. Nxa4 Kd6 40. Nc3 Be6 41. Nd5 Bxd5 42. exd5 Nd7 43. Ke4 Nb6 44. Bb7 Nc4 45. Bxa6 Nd2+ 46. Ke3 Nb3 47. Bb7 Nd4 48. Ke4 Ke7 49. Bc6 Kd6 50. Ba4 Ne2 51. Bc6 Nd4 52. b5 Kc7 53. Be8 1-0